[Event "My 20th Birthday at Schemingmind"]
[Site "SchemingMind.com"]
[Date "2023.12.31"]
[Round "-"]
[White "Black Knight"]
[Black "Wojtek26"]
[Result "0-1"]
[WhiteCountry "USA"]
[BlackCountry "POL"]
[WhiteElo "1185"]
[WhiteRD "61"]
[BlackElo "1469"]
[BlackRD "78"]
[GameID "740642"]

1. d4 d5 2. c4 e6 3. Nc3 Nf6 4. Bg5 c6 5. Nf3 Be7 6. e3 O-O 7. Bd3 Nbd7 8. O-O a6 9. Qc2 h6 10. Bxf6 Nxf6
11. c5 b6 12. b4 b5 13. Ne2 a5 14. Qb2 Nd7 15. a3 Bb7 16. Ne5 Nxe5 17. f4 Nxd3 18. Qc3 axb4 19. Qxd3 bxa3 20. Rxa3 Rxa3
21. Qxa3 Qa8 22. Qb2 Qa4 23. Ra1 Qc4 24. Ra7 Rb8 25. Ra3 Ra8 26. Rxa8+ Bxa8 27. Kf2 Qa4 28. Nc3 Qc4 29. Qa3 Bb7 30. Ne2 Qa4
31. Qc1 b4 32. Kf3 Ba6 33. Qd2 b3 34. Nc3 Qb4 35. Qb2 Bc4 36. e4 dxe4+ 37. Nxe4 Bd5 38. g3 Bxe4+ 39. Kxe4 Qe1+ 40. Kf3 Qd1+
41. Kf2 Qc2+
0-1

[Event "My 20th Birthday at Schemingmind"]
[Site "SchemingMind.com"]
[Date "2023.12.31"]
[Round "-"]
[White "Wojtek26"]
[Black "Black Knight"]
[Result "1-0"]
[WhiteCountry "POL"]
[BlackCountry "USA"]
[WhiteElo "1469"]
[WhiteRD "78"]
[BlackElo "1185"]
[BlackRD "61"]
[GameID "740643"]

1. d4 d5 2. e3 Bf5 3. Nf3 Nf6 4. c4 e6 5. Be2 Bb4+ 6. Bd2 O-O 7. a3 Bxd2+ 8. Nbxd2 c6 9. O-O Nbd7 10. c5 b6
11. b4 a5 12. Nh4 Ne4 13. Nxf5 exf5 14. Nxe4 fxe4 15. f4 Nf6 16. Qd2 a4 17. cxb6 Qxb6 18. Rac1 Rab8 19. Qc3 Qc7 20. Qxc6 Qd8
21. Rc2 Rb6 22. Qc7 Rb8 23. Rfc1 Qe8 24. Rc5 Nd7 25. Bb5 Nxc5 26. Bxe8 Rc8 27. Qxc8 Nd3 28. Rc7
1-0

[Event "My 20th Birthday at Schemingmind"]
[Site "SchemingMind.com"]
[Date "2023.12.30"]
[Round "-"]
[White "Austin Lockwood"]
[Black "JPT"]
[Result "0-1"]
[WhiteCountry "ENG"]
[BlackCountry "INT"]
[WhiteElo "1841"]
[WhiteRD "146"]
[BlackElo "1794"]
[BlackRD "99"]
[GameID "740644"]

1. e4 e5 2. Nf3 c6 3. Nc3 d6 4. Bc4 Be7 5. h3 Nf6 6. O-O O-O 7. d4 Nbd7 8. dxe5 Nxe5 9. Nxe5 dxe5 10. Qf3 Qc7
11. Rd1 Be6 12. Bb3 Rad8 13. Be3 b5 14. Rxd8 Rxd8 15. Bxe6 fxe6 16. a4 b4 17. Ne2 a5 18. c3 c5 19. cxb4 cxb4 20. Rc1 Qb7
21. g4 Rd3 22. Ng3 h6 23. g5 hxg5 24. Kg2 Qd7 25. h4 gxh4 26. Ne2 Qxa4 27. Rc8+ Kf7 28. Nc1 Rd8 29. Rxd8 Bxd8 30. Nd3 Qb5
31. Bg5 Kg8 32. Bxf6 Bxf6 33. Kh3 a4 34. Kg4 a3 35. bxa3 bxa3 36. Nc1 Qb2 37. Qe3 a2 38. Nxa2 Qxa2 39. Kh3 Qb1 40. Kh2 Qd1
41. Qh3 Kf7 42. Qg2 Qe2 43. Kh3 g5 44. f3 Qxg2+ 45. Kxg2 Be7 46. Kh3 Bc5 47. Kg4 Be3 48. Kh3 Kg6
0-1

[Event "My 20th Birthday at Schemingmind"]
[Site "SchemingMind.com"]
[Date "2023.12.30"]
[Round "-"]
[White "JPT"]
[Black "Austin Lockwood"]
[Result "0-1"]
[WhiteCountry "INT"]
[BlackCountry "ENG"]
[WhiteElo "1751"]
[WhiteRD "107"]
[BlackElo "1920"]
[BlackRD "152"]
[GameID "740645"]

1. e4 e5 2. Nf3 Nc6 3. Bb5 a6 4. Ba4 Nf6 5. Nc3 b5 6. Bb3 Be7 7. d4 exd4 8. Nxd4 Nxd4 9. Qxd4 c5 10. Qd3 O-O
11. Bd5 Ra7 12. Ne2 Nxd5 13. exd5 d6 14. Be3 Bf6 15. Rb1 Qa5+ 16. Bd2 Qxa2 17. O-O Bxb2 18. c3 Ba3 19. Ra1 Bf5 20. Qxf5 Qxd2
21. Nf4 Bb2 22. Ra2 Qxc3 23. Nh5 Qb3 24. Ra5 g6 25. Qg4 Qxd5 26. Nf4 Qe4 27. f3 Qe3+ 28. Kh1 Qc3 29. Ra2 Qc4 30. Rxb2 Qxf1#
0-1

[Event "My 20th Birthday at Schemingmind"]
[Site "SchemingMind.com"]
[Date "2024.01.03"]
[Round "-"]
[White "Abstract Actuary"]
[Black "Phillip Beckett"]
[Result "1-0"]
[WhiteCountry "USA"]
[BlackCountry "ENG"]
[WhiteElo "1871"]
[WhiteRD "87"]
[BlackElo "1499"]
[BlackRD "52"]
[GameID "740646"]

1. e4 e5 2. Nf3 Nc6 3. c3 Nf6 4. d4 exd4 5. e5 Ng8 6. cxd4 d6 7. Bb5 dxe5 8. Nxe5 Bd7 9. Nxd7 Qxd7 10. O-O a6
11. d5 axb5 12. dxc6 Qxd1 13. Rxd1 bxc6 14. Bf4 Rd8 15. Nc3 Bd6 16. Re1+ Ne7 17. Bxd6 Rxd6 18. Re2 Kd7 19. Ne4 Re6 20. Nc5+ Kd6
21. Nxe6 fxe6 22. Rd1+ Kc5 23. Rxe6 Nd5 24. Rc1+ Kb6 25. Rexc6+ Kb7 26. Kf1 Ra8 27. a3 b4 28. axb4 Nxb4 29. Rxc7+ Kb6 30. Rxg7 Nd3
31. Rcc7 Nf4 32. f3 Ra1+ 33. Kf2 Nd3+ 34. Kg3 Ne5 35. Rxh7 Ra8 36. Rce7 Rg8+ 37. Reg7
1-0

[Event "My 20th Birthday at Schemingmind"]
[Site "SchemingMind.com"]
[Date "2024.01.03"]
[Round "-"]
[White "Phillip Beckett"]
[Black "Abstract Actuary"]
[Result "0-1"]
[WhiteCountry "ENG"]
[BlackCountry "USA"]
[WhiteElo "1499"]
[WhiteRD "52"]
[BlackElo "1871"]
[BlackRD "87"]
[GameID "740647"]

1. e4 e6 2. d4 d5 3. Nd2 dxe4 4. Nxe4 Bd7 5. Nf3 Bc6 6. Bd3 Nd7 7. c3 h6 8. Qe2 Ngf6 9. Bf4 Nh5 10. Bg3 Be7
11. O-O-O O-O 12. Kb1 Qb8 13. Ne5 Nxe5 14. f4 Nxg3 15. hxg3 Ng6 16. Rde1 b5 17. Nc5 Bxc5 18. Bxg6 fxg6 19. Qxe6+ Kh7 20. dxc5 Qe8
21. Qh3 Qf7 22. f5 Qxf5+ 23. Qxf5 gxf5 24. Re7 Be4+ 25. Kc1 c6 26. Rd1 Bd5 27. b3 Rfe8 28. Rde1 Be4 29. Rc7 Bxg2 30. Ree7 Rxe7
31. Rxe7 Kg6 32. Rc7 Kf6 33. c4 a6 34. cxb5 axb5 35. Kd2 Rxa2+ 36. Kc3 g5 37. Rh7 Kg6 38. Rd7 f4 39. Rd6+ Kh5 40. gxf4 gxf4
41. Rf6 Kg5
0-1

[Event "My 20th Birthday at Schemingmind"]
[Site "SchemingMind.com"]
[Date "2023.12.31"]
[Round "-"]
[White "Geoffrey Rosser"]
[Black "Chessibelle"]
[Result "1-0"]
[WhiteCountry "ENG"]
[BlackCountry "ENG"]
[WhiteElo "1894"]
[WhiteRD "63"]
[BlackElo "1055"]
[BlackRD "56"]
[GameID "740648"]

1. e4 e5 2. Nf3 Nc6 3. d4 Nf6 4. Bg5 Be7 5. Nc3 O-O 6. dxe5 Nxe5 7. Nxe5 Bd6 8. Ng4 c5 9. Qxd6 Qe8 10. Bxf6 b6
11. Bxg7 Qd8 12. Qh6 Re8 13. Nf6+
1-0

[Event "My 20th Birthday at Schemingmind"]
[Site "SchemingMind.com"]
[Date "2023.12.30"]
[Round "-"]
[White "Chessibelle"]
[Black "Geoffrey Rosser"]
[Result "0-1"]
[WhiteCountry "ENG"]
[BlackCountry "ENG"]
[WhiteElo "1055"]
[WhiteRD "56"]
[BlackElo "1894"]
[BlackRD "63"]
[GameID "740649"]

1. Nf3 c5 2. c4 Nc6 3. d3 Nf6 4. h3 e6 5. e4 Bd6 6. Nc3 O-O 7. Be2 Bc7 8. Bd2 d5 9. O-O dxe4 10. dxe4 a6
11. a3 Nd4 12. Be3 Nxe2+ 13. Qxe2 b6 14. Nh2 Bb7 15. f3 Nh5 16. Rf2 Bg3 17. f4 Qh4 18. Nf3 Qf6 19. e5 Qf5 20. Rff1 Nxf4
21. Qd1 Rad8 22. Qb3 Nxh3+ 23. Kh1 Qh5 24. Nh2 Nf2+ 25. Bxf2 Qxh2#
0-1

[Event "My 20th Birthday at Schemingmind"]
[Site "SchemingMind.com"]
[Date "2023.12.30"]
[Round "-"]
[White "surfnsuds"]
[Black "wight knight"]
[Result "0-1"]
[WhiteCountry "USA"]
[BlackCountry "ENG"]
[WhiteElo "1260"]
[WhiteRD "101"]
[BlackElo "1213"]
[BlackRD "61"]
[GameID "740650"]

1. d4 e6 2. e4 Nf6 3. c3 Nxe4 4. Qf3 f5 5. Bd3 b6 6. Bxe4 fxe4 7. Qxe4 c6 8. Nf3 d5 9. Qf4 Bd6 10. Ne5 Bxe5
11. Qxe5 Qf6 12. O-O Qxe5 13. dxe5 Ba6 14. Re1 Nd7 15. Bf4 O-O-O 16. Bg5 Rdf8 17. Nd2 h6 18. Be7 Rf7 19. Bd6 Nc5 20. Re3 h5
21. b4 Ne4 22. Nxe4 dxe4 23. b5 Bxb5 24. Rxe4 Bd3 25. Re3 Bc4 26. h3 h4 27. Re4 b5 28. a4 Bd3 29. Rd4 Bc2 30. axb5 cxb5
31. Bc5 Rd8 32. Rxh4 Rd5 33. Rh8+ Rd8 34. Rh4 Rd1+ 35. Rxd1 Bxd1 36. Bb4 g5 37. Rh8+ Kb7 38. Rd8 Bc2 39. Rd6 Rf5 40. Rxe6 Bb3
41. Re7+ Kb6 42. e6 a5 43. Bd6 Kc6 44. Rc7+ Kxd6 45. e7 Re5 46. Rb7 Rxe7 47. Rxb5 a4 48. Rxg5 a3 49. Rg3 a2 50. c4 a1=Q+
0-1

[Event "My 20th Birthday at Schemingmind"]
[Site "SchemingMind.com"]
[Date "2023.12.30"]
[Round "-"]
[White "wight knight"]
[Black "surfnsuds"]
[Result "0-1"]
[WhiteCountry "ENG"]
[BlackCountry "USA"]
[WhiteElo "1213"]
[WhiteRD "61"]
[BlackElo "1260"]
[BlackRD "101"]
[GameID "740651"]

1. e4 e5 2. Bc4 Nf6 3. f3 Bc5 4. d3 O-O 5. Bg5 h6 6. Bxf6 Qxf6 7. g3 d6 8. Nc3 c6 9. Na4 b5 10. b4 Bd4
11. c3 bxc4 12. cxd4 exd4 13. Nh3 Bxh3 14. g4 Bg2 15. Rg1 Bxf3 16. Qc2 d5 17. Nc5 Qh4+ 18. Qf2 Qxf2+ 19. Kxf2 Bxg4 20. Rxg4 a5
21. Rag1 g6 22. h4 Re8 23. h5 g5 24. dxc4 axb4 25. Ra1 dxc4 26. Ke2 Na6 27. Nxa6 Rxa6 28. Kd2 c5 29. Rgg1 Rxe4 30. Rgf1 Re3
31. Rfe1 c3+ 32. Kc2 d3+ 33. Kd1 Rxe1+ 34. Kxe1 b3 35. a3 Re6+ 36. Kd1 Re2 37. a4 c2+ 38. Kc1 c4 39. a5 d2+ 40. Kb2 d1=Q
41. Rxd1 cxd1=Q+ 42. Ka3 b2 43. a6 b1=Q 44. a7 Ra2#
0-1

[Event "My 20th Birthday at Schemingmind"]
[Site "SchemingMind.com"]
[Date "2024.01.01"]
[Round "-"]
[White "agoodhobby"]
[Black "Michael Christensen"]
[Result "0-1"]
[WhiteCountry "USA"]
[BlackCountry "GER"]
[WhiteElo "1388"]
[WhiteRD "80"]
[BlackElo "1703"]
[BlackRD "90"]
[GameID "740653"]

1. e4 g6 2. d4 Bg7 3. Nc3 d6 4. Nf3 a6 5. Be3 b5 6. Be2 Bb7 7. O-O Nd7 8. a3 e6 9. e5 dxe5 10. Nxe5 Nxe5
11. dxe5 Bxe5 12. Qxd8+ Rxd8 13. Rfd1 Ne7 14. Rxd8+ Kxd8 15. Rd1+ Kc8 16. Bc5 Nd5 17. Bf3 Nxc3 18. bxc3 Bxf3 19. gxf3 Bxc3
0-1

[Event "My 20th Birthday at Schemingmind"]
[Site "SchemingMind.com"]
[Date "2023.12.31"]
[Round "-"]
[White "Greg Magne"]
[Black "Marc Wakeham"]
[Result "0-1"]
[WhiteCountry "CAN"]
[BlackCountry "WLS"]
[WhiteElo "1766"]
[WhiteRD "79"]
[BlackElo "2473"]
[BlackRD "107"]
[GameID "740654"]

1. e4 c5 2. Nf3 d6 3. d4 cxd4 4. Nxd4 Nf6 5. Nc3 a6 6. Bg5 e6 7. f4 Be7 8. Qf3 Qc7 9. O-O-O Bd7 10. e5 dxe5
11. fxe5 Nd5 12. Bxe7 Nxe7 13. Qg3 O-O 14. Bd3 h6 15. Rhe1 Nbc6 16. Nb3 Nb4 17. a3 Nxd3+ 18. Rxd3 Bc6 19. Red1 Nf5 20. Qe1 Bxg2
21. Qe2 Bc6 22. Nd4 Nxd4 23. Rxd4 f5 24. exf6 Rxf6 25. Rg1 Raf8 26. Rdg4 R8f7 27. Ne4 Bxe4 28. Rxe4 Rf2 29. Qd3 R7f3 30. Qd1 Qxh2
31. Rge1 Rf6 32. Rxe6 Qf4+ 33. Kb1 Rxe6 34. Rxe6 Qd2 35. Qxd2 Rxd2 36. Re7 h5 37. Rxb7 h4 38. Rb4 h3 39. Rh4 h2 40. Ka2 g5
0-1

[Event "My 20th Birthday at Schemingmind"]
[Site "SchemingMind.com"]
[Date "2023.12.31"]
[Round "-"]
[White "Marc Wakeham"]
[Black "Greg Magne"]
[Result "1-0"]
[WhiteCountry "WLS"]
[BlackCountry "CAN"]
[WhiteElo "2473"]
[WhiteRD "107"]
[BlackElo "1766"]
[BlackRD "79"]
[GameID "740655"]

1. e4 e5 2. Nf3 Nc6 3. Bc4 Nf6 4. Ng5 d5 5. exd5 Na5 6. Bb5+ c6 7. dxc6 bxc6 8. Bd3 Bd6 9. Nc3 Bg4 10. Be2 Bxe2
11. Qxe2 O-O 12. d3 Nb7 13. O-O Re8 14. Bd2 Qc7 15. Nce4 Be7 16. Rae1 Rad8 17. Nxf6+ Bxf6 18. Ne4 Be7 19. Bc3 f6 20. f4 exf4
21. Qg4 Kh8 22. Kh1 Nc5 23. Rxf4 Nxe4 24. Rfxe4 c5 25. Qh5 Qc6 26. Rxe7
1-0

[Event "My 20th Birthday at Schemingmind"]
[Site "SchemingMind.com"]
[Date "2024.01.02"]
[Round "-"]
[White "David Hartley"]
[Black "Nattybridge"]
[Result "0-1"]
[WhiteCountry "ENG"]
[BlackCountry "ENG"]
[WhiteElo "1667"]
[WhiteRD "78"]
[BlackElo "2219"]
[BlackRD "117"]
[GameID "740656"]

1. d4 d5 2. c4 c6 3. Nf3 Nf6 4. e3 Bf5 5. Nc3 a6 6. Bd3 Bg6 7. Bxg6 hxg6 8. cxd5 cxd5 9. Bd2 e6 10. h3 Nc6
11. a3 Bd6 12. Qb3 b5 13. O-O Na5 14. Qd1 Nc4 15. Bc1 Rc8 16. Nd2 Qb6 17. Nxc4 bxc4 18. Qe2 Ke7 19. Qc2 Rhd8 20. Rb1 Rb8
21. Bd2 Rd7 22. Rfd1 Qb3 23. Rdc1 Rdb7 24. Nd1 Qxc2 25. Rxc2 Bxa3 26. Bc3 Bd6 27. Ra1 Ra8 28. Ra4 Kd7 29. Rc1 Ne4 30. Rca1 Nxc3
31. bxc3 Bc7 32. Kf1 a5 33. Ke2 Rab8 34. Kd2 f5 35. f4 Rh8 36. Ke1 Rh5 37. R4a2 g5 38. fxg5 Rxg5 39. Kf1 g6 40. Ke1 Kc6
41. Re2 Rb3 42. Rea2 e5 43. Kf2 e4 44. g3 Rxg3
0-1

[Event "My 20th Birthday at Schemingmind"]
[Site "SchemingMind.com"]
[Date "2024.01.02"]
[Round "-"]
[White "Nattybridge"]
[Black "David Hartley"]
[Result "1-0"]
[WhiteCountry "ENG"]
[BlackCountry "ENG"]
[WhiteElo "2192"]
[WhiteRD "120"]
[BlackElo "1675"]
[BlackRD "77"]
[GameID "740657"]

1. c4 g6 2. Nc3 Nf6 3. g3 Bg7 4. Bg2 O-O 5. e4 d6 6. Nge2 e5 7. O-O Nc6 8. d3 Be6 9. Nd5 Qd7 10. Bg5 Bxd5
11. cxd5 Nb8 12. f4 exf4 13. Bxf4 Qd8 14. Qb3 Qc8 15. Rac1 Re8 16. Bxd6 Na6 17. Bxc7 Nxc7 18. d6 Nd7 19. Qxf7+ Kh8 20. Rxc7
1-0

[Event "My 20th Birthday at Schemingmind"]
[Site "SchemingMind.com"]
[Date "2023.12.31"]
[Round "-"]
[White "*chessnut*"]
[Black "Mitch The Man"]
[Result "0-1"]
[WhiteCountry "FRA"]
[BlackCountry "USA"]
[WhiteElo "1225"]
[WhiteRD "90"]
[BlackElo "1348"]
[BlackRD "74"]
[GameID "740659"]

1. d4 e6 2. e4 Be7 3. f4 Nf6 4. Bd3 O-O 5. Be3 d5 6. a3 dxe4 7. Bc4 Bd7 8. h3 b5 9. Bb3 c6 10. c4 bxc4
11. Bxc4 a5 12. Ne2 Ra7 13. Nec3 Nd5 14. Nxd5 cxd5 15. Ba2 Bh4+ 16. Ke2 Bb5+ 17. Kd2 a4 18. Nc3 Bc6 19. Rg1 f5 20. b3 Be7
21. b4 Bb7 22. Nxa4 Bc6 23. Bb3 Bb5 24. g3 g6 25. Qb1 Bxa4 26. Ba2 Rc7 27. Rc1 Rxc1 28. Qxc1 h5 29. h4 Bd6 30. Ke1 Rf7
31. Rb1 Rc7 32. Qb2 Rc2 33. Qa1 Rh2 34. Rc1 Rh1+ 35. Kf2 Rxc1 36. Qxc1 Kh7 37. Qb2 Kh6 38. Qd2 Qc7 39. Bb1 Qc6 40. Kg2 Bb5
41. Bc2 Qc4 42. Bd1 Qc7 43. a4 Ba6 44. b5 Bc8 45. Be2 Nd7 46. a5 Qa7 47. b6 Nxb6 48. axb6 Qxb6 49. Qd1 Ba6 50. Bxa6 Qxa6
51. Qe1 Qa2+ 52. Kh3 Ba3 53. Qa5 Qb3 54. Qa6 Qxe3 55. Qa7 Qf3 56. Qa8 Qh1#
0-1

[Event "My 20th Birthday at Schemingmind"]
[Site "SchemingMind.com"]
[Date "2024.01.02"]
[Round "-"]
[White "spoke"]
[Black "James Reed"]
[Result "1-0"]
[WhiteCountry "GER"]
[BlackCountry "ENG"]
[WhiteElo "1786"]
[WhiteRD "65"]
[BlackElo "1241"]
[BlackRD "98"]
[GameID "740660"]

1. e4 c5 2. Nf3 Nf6 3. Nc3 d6 4. d4 cxd4 5. Qxd4 Nc6 6. Bb5 Bd7 7. Bxc6 Bxc6 8. Nd5 Nxd5 9. exd5 Bd7 10. O-O h6
11. Be3 Bf5 12. c4 e6 13. dxe6 Bxe6 14. Rfd1 f6 15. b3 b6 16. Bf4 Be7 17. Bxd6 O-O 18. Bxe7 Qxe7 19. Qe3 Rfe8 20. Re1 Rac8
21. Nd4 Bf7 22. Qxe7 Rxe7 23. Rxe7 a6 24. Rae1 Rd8 25. Nf3 a5 26. Rb7 Bh5 27. Rxb6 Bxf3 28. gxf3 Rd3 29. Ra6 Rxf3 30. Rxa5 Rf4
31. Re3 Kh7 32. Ra7 Rg4+ 33. Rg3 Rxg3+ 34. hxg3
1-0

[Event "My 20th Birthday at Schemingmind"]
[Site "SchemingMind.com"]
[Date "2024.01.03"]
[Round "-"]
[White "James Reed"]
[Black "spoke"]
[Result "0-1"]
[WhiteCountry "ENG"]
[BlackCountry "GER"]
[WhiteElo "1241"]
[WhiteRD "98"]
[BlackElo "1786"]
[BlackRD "65"]
[GameID "740661"]

1. e4 e5 2. Nf3 Nc6 3. Nc3 Nf6 4. Bc4 Nxe4 5. Nxe4 d5 6. Bd3 dxe4 7. Bxe4 Bd6 8. O-O Bg4 9. h3 Bh5 10. a3 O-O
11. c3 f5 12. Bc2 e4 13. Qe1 exf3 14. Qe6+ Bf7 15. Qxf5 Bg6 16. Qe6+ Kh8 17. Bxg6 Rf6 18. Qb3 Rxg6 19. Qd5 Bh2+ 20. Kxh2 Rxg2+
21. Kh1 Qxd5 22. d4 Qd6 23. Bd2 Qh2#
0-1

[Event "My 20th Birthday at Schemingmind"]
[Site "SchemingMind.com"]
[Date "2024.01.01"]
[Round "-"]
[White "Clive Everill"]
[Black "Wolli"]
[Result "1-0"]
[WhiteCountry "CZE"]
[BlackCountry "GER"]
[WhiteElo "1681"]
[WhiteRD "55"]
[BlackElo "1604"]
[BlackRD "109"]
[GameID "740662"]

1. e4 d6 2. d4 Nf6 3. Bd3 c6 4. Ne2 g6 5. c3 Bg7 6. O-O O-O 7. Nd2 Bg4 8. f3 Bd7 9. Nc4 b5 10. Ne3 a6
11. h3 c5 12. dxc5 dxc5 13. Nf4 c4 14. Bc2 Nc6 15. Ned5 Nxd5 16. Nxd5 e6 17. Ne3 Ne5 18. f4 Nc6 19. Qd6 Be8 20. Qxd8 Rxd8
21. Ng4 Bd7 22. Be3 Bc8 23. Bc5 Rfe8 24. e5 Bb7 25. Rad1 h5 26. Ne3 Bf8 27. Bb6 Rxd1 28. Rxd1 Nb8 29. a4 Be7 30. axb5 axb5
31. Ba7 Nc6 32. Bb6 Bd8 33. Bc5 Be7 34. Bxe7 Rxe7 35. Nf1 Kf8 36. Nh2 Ke8 37. Nf3 Rd7 38. Rxd7 Kxd7 39. Ng5 Ke7 40. g3 b4
41. cxb4 Nxb4 42. Bb1 Nd3 43. Bxd3 cxd3 44. Kf2 f6 45. exf6+ Kxf6 46. Ke3 Ba6 47. h4 e5 48. fxe5+ Kxe5 49. Ne4 Bc4 50. Nc5 Kf5
51. Nxd3 Bxd3 52. Kxd3 Kg4 53. b4 Kxg3 54. b5 Kxh4 55. b6 g5 56. b7 g4 57. b8=Q g3 58. Qf4+ Kh3 59. Qf5+ Kh4 60. Qf1
1-0

[Event "My 20th Birthday at Schemingmind"]
[Site "SchemingMind.com"]
[Date "2024.01.01"]
[Round "-"]
[White "Wolli"]
[Black "Clive Everill"]
[Result "0-1"]
[WhiteCountry "GER"]
[BlackCountry "CZE"]
[WhiteElo "1604"]
[WhiteRD "109"]
[BlackElo "1681"]
[BlackRD "55"]
[GameID "740663"]

1. c4 c5 2. g3 d5 3. cxd5 Qxd5 4. Nf3 Nc6 5. Nc3 Qd8 6. Bg2 Nf6 7. O-O e6 8. b3 Be7 9. Bb2 O-O 10. e3 e5
11. d3 Bg4 12. Qc2 Nb4 13. Qd2 Qxd3 14. Qxd3 Nxd3 15. Ba3 Rfd8 16. h3 Be6 17. Rfd1 Rac8 18. Bf1 e4 19. Bxd3 exd3 20. Kg2 b6
21. Bb2 c4 22. Nd4 Bd7 23. bxc4 Rxc4 24. Rxd3 Bc8 25. Rad1 Bb7+ 26. Kg1 Rc7 27. Ncb5 Rcd7 28. Nxa7 Be4 29. R3d2 Rxa7 30. f3 Ba8
31. Bc3 Bc5 32. Kf2 Rad7 33. Nb3 Rxd2+ 34. Rxd2 Rxd2+ 35. Bxd2 Bd6 36. Bc3 Nd5 37. Bd4 b5 38. Bc5 Bxc5 39. Nxc5 Nc3 40. a3 Bc6
41. f4 Nb1
0-1

[Event "My 20th Birthday at Schemingmind"]
[Site "SchemingMind.com"]
[Date "2024.01.04"]
[Round "-"]
[White "pawngrabber"]
[Black "capablanca"]
[Result "1/2-1/2"]
[WhiteCountry "ENG"]
[BlackCountry "GER"]
[WhiteElo "1789"]
[WhiteRD "60"]
[BlackElo "1738"]
[BlackRD "67"]
[GameID "740664"]

1. d4 d5 2. c4 Nf6 3. Nc3 c6 4. e3 Bf5 5. Nf3 e6 6. Be2 dxc4 7. Bxc4 Be7 8. O-O O-O 9. Nh4 Bg4 10. Be2 Bxe2
11. Qxe2 Nd5 12. Nxd5 Bxh4 13. Nf4 Bg5 14. Nd3 Nd7 15. Bd2 Be7 16. Bc3 Qb6 17. a3 Nf6 18. b4 Ne4 19. Bb2 Qb5 20. Nf4 Qxe2=
1/2-1/2

[Event "My 20th Birthday at Schemingmind"]
[Site "SchemingMind.com"]
[Date "2024.01.04"]
[Round "-"]
[White "capablanca"]
[Black "pawngrabber"]
[Result "1/2-1/2"]
[WhiteCountry "GER"]
[BlackCountry "ENG"]
[WhiteElo "1738"]
[WhiteRD "67"]
[BlackElo "1789"]
[BlackRD "60"]
[GameID "740665"]

1. e4 d6 2. d4 Nf6 3. Nc3 g6 4. Bc4 Bg7 5. Nf3 O-O 6. O-O Nbd7 7. a4 c5 8. Bd2 cxd4 9. Nxd4 Ne5 10. Bb3 b6
11. Re1 Bb7 12. Nd5 Rc8 13. c3 e6 14. Nxf6+ Bxf6 15. Nxe6 fxe6 16. Bxe6+ Kg7 17. Bxc8 Qxc8 18. Bf4 Qc5 19. Qd2 Kg8 20. Rad1 Be7
21. Kh1 Nc4 22. Qc1 Bh4 23. b3 Ne5 24. Be3 Qc6 25. Bd4 Bf6 26. f3 Qc7 27. b4=
1/2-1/2

[Event "My 20th Birthday at Schemingmind"]
[Site "SchemingMind.com"]
[Date "2023.12.30"]
[Round "-"]
[White "Archon"]
[Black "MazetaFighter"]
[Result "0-1"]
[WhiteCountry "CAN"]
[BlackCountry "GRE"]
[WhiteElo "1732"]
[WhiteRD "61"]
[BlackElo "2147"]
[BlackRD "76"]
[GameID "740666"]

1. d4 d5 2. Bf4 Nf6 3. e3 c5 4. c3 Nc6 5. Nd2 Bf5 6. Ngf3 e6 7. Bb5 Qb6 8. Bxc6+ bxc6 9. Qb3 Ne4 10. Ne5 Nxd2
11. Kxd2 f6 12. Nf3 c4 13. Qxb6 axb6 14. a3 Kd7 15. Nh4 Bd3 16. Nf3 g5 17. Bg3 h5 18. h3 h4 19. Bh2 c5 20. Rad1 Bd6
21. Bxd6 Kxd6 22. Ne1 Bg6 23. Nf3 Rhf8 24. Kc1 e5 25. Rhf1 Bh5 26. Rd2 cxd4 27. exd4 e4 28. Ne1 f5 29. f3 e3
0-1

[Event "My 20th Birthday at Schemingmind"]
[Site "SchemingMind.com"]
[Date "2024.01.03"]
[Round "-"]
[White "MazetaFighter"]
[Black "Archon"]
[Result "1-0"]
[WhiteCountry "GRE"]
[BlackCountry "CAN"]
[WhiteElo "2147"]
[WhiteRD "76"]
[BlackElo "1732"]
[BlackRD "61"]
[GameID "740667"]

1. d4 Nf6 2. c4 g6 3. Nc3 Bg7 4. e4 d6 5. Nf3 O-O 6. Be2 e5 7. Be3 Nc6 8. d5 Ne7 9. Nd2 Nd7 10. b4 f5
11. f3 Nf6 12. c5 f4 13. Bf2 g5 14. Nc4 Ng6 15. cxd6 cxd6 16. Nb5 Ne8 17. Nxa7 Bd7 18. Nb6 Rxa7 19. Nxd7
1-0

[Event "My 20th Birthday at Schemingmind"]
[Site "SchemingMind.com"]
[Date "2023.12.30"]
[Round "-"]
[White "Will Grummitt"]
[Black "kenneth m day"]
[Result "1-0"]
[WhiteCountry "ENG"]
[BlackCountry "USA"]
[WhiteElo "2105"]
[WhiteRD "111"]
[BlackElo "1662"]
[BlackRD "58"]
[GameID "740668"]

1. d4 Nf6 2. Nf3 d6 3. Bf4 g6 4. e3 Bg7 5. c3 O-O 6. Be2 Nbd7 7. h3 Re8 8. O-O b6 9. Nbd2 Bb7 10. Re1 Rc8
11. Bg3 c5 12. Qb3 cxd4 13. exd4 Ne4 14. Nxe4 Bxe4 15. Ng5 d5 16. Nxe4 dxe4 17. Bc4 Rf8 18. Re2 Nf6 19. Be5 e6 20. Bxf6 Qxf6
21. Rxe4 Rfe8 22. Rae1 Kf8 23. d5 exd5 24. Qa3+
1-0

[Event "My 20th Birthday at Schemingmind"]
[Site "SchemingMind.com"]
[Date "2023.12.30"]
[Round "-"]
[White "kenneth m day"]
[Black "Will Grummitt"]
[Result "0-1"]
[WhiteCountry "USA"]
[BlackCountry "ENG"]
[WhiteElo "1662"]
[WhiteRD "58"]
[BlackElo "2105"]
[BlackRD "111"]
[GameID "740669"]

1. e4 e6 2. d4 d5 3. Nc3 Bb4 4. e5 c5 5. a3 Bxc3+ 6. bxc3 Ne7 7. Qg4 Qc7 8. Qxg7 Rg8 9. Qxh7 cxd4 10. Ne2 dxc3
11. Bf4 Nbc6 12. Qh5 Ng6 13. g3 Nxf4 14. gxf4 Ne7 15. Rg1 Rxg1 16. Nxg1 Ng6 17. Nh3 Bd7 18. Rd1 O-O-O 19. Qf3 Ba4 20. Bd3 Ne7
21. Rb1 Nc6 22. Qh5 Nd4 23. Rb2 cxb2 24. Qd1 Bxc2
0-1

[Event "My 20th Birthday at Schemingmind"]
[Site "SchemingMind.com"]
[Date "2024.01.04"]
[Round "-"]
[White "emakis"]
[Black "Manfred Kraut"]
[Result "1-0"]
[WhiteCountry "GRE"]
[BlackCountry "GER"]
[WhiteElo "1812"]
[WhiteRD "129"]
[BlackElo "1411"]
[BlackRD "86"]
[GameID "740670"]

1. d4 g6 2. Nf3 Bg7 3. g3 d6 4. Bg2 Nf6 5. O-O O-O 6. Nbd2 Nbd7 7. e4 c5 8. c3 Rb8 9. Re1 cxd4 10. cxd4 b6
11. a4 a5 12. Nc4 Ba6 13. b3 b5 14. axb5 Bxb5 15. Nxa5 Qb6 16. Nc4 Bxc4 17. bxc4 Qb3 18. Qxb3 Rxb3 19. Be3 Nxe4 20. Ra7 Nb6
21. Rxe7 Nc3 22. Rb7 Nca4 23. c5 dxc5 24. dxc5 Nxc5 25. Bxc5 Ra8 26. Rxb6 Rxb6 27. Bxb6 Rb8 28. Bd4 Bf8 29. Ne5 Rb4 30. Ba1 h5
31. Nd7 Bd6 32. Re8+
1-0

[Event "My 20th Birthday at Schemingmind"]
[Site "SchemingMind.com"]
[Date "2024.01.04"]
[Round "-"]
[White "Manfred Kraut"]
[Black "emakis"]
[Result "0-1"]
[WhiteCountry "GER"]
[BlackCountry "GRE"]
[WhiteElo "1411"]
[WhiteRD "86"]
[BlackElo "1812"]
[BlackRD "129"]
[GameID "740671"]

1. d4 d5 2. Nf3 Nf6 3. e3 Bg4 4. Nbd2 e6 5. Be2 Be7 6. O-O O-O 7. b3 c6 8. Bb2 Nbd7 9. c4 h6 10. c5 a5
11. Ne5 Bxe2 12. Qxe2 Nxe5 13. dxe5 Nd7 14. f4 Bxc5 15. Rf3 Qb6 16. Rg3 Kh8 17. Re1 a4 18. Qg4 Rg8 19. f5 Qb4 20. Qxb4 Bxb4
21. f6 Bxd2 22. Re2 Bb4 23. Rf2 axb3 24. axb3 Be1
0-1